| 000 | 00641nam a2200205 i 4500 | ||
|---|---|---|---|
| 001 | 78359 | ||
| 003 | ES-MaACL | ||
| 005 | 20230906173653.0 | ||
| 007 | t| | ||
| 008 | 041013s1978 xxk ||||1| eng d | ||
| 100 | 1 |
_aHare, Geoffrey E. _961839 |
|
| 245 | 1 | 0 |
_aAlphonse Daudet _b: a critical bibliographie / _cby Geoffrey E. Hare. |
| 260 |
_a[London] : _bGrant & Cutler Ltd, _c1978. |
||
| 300 |
_av. ; _c23 cm. |
||
| 490 | 1 | _aResearch bibliographies and checklists | |
| 505 | 8 | _aContiene: I. Primary material | |
| 830 | 0 |
_aResearch bibliographies and checklists _9183664 |
|
| 852 |
_aES-MaACL _jA-9722 _bR.98659 |
||
| 999 |
_c78359 _d78359 |
||